แสดงรายละเอียดบรรณานุกรม
  กลับหน้าหลัก

Brief Record : Get Marc (ISO 2709) : E-mail record : QR code ปิดหน้าต่าง
E-books : เกี่ยวกับ Collections
LEADER 00000nam 2200000uu 4500
001    209169
003     ULIBM
008    131112s2553||||th 000 0 tha d
041 0  ^atha
060  4 ^aWY157 ส785 2553
100 0  ^aสุธิดา สิงห์ศิริเจริญกุล
245 00 ^aเอกสารประกอบการสอนวิชา การพยาบาลมารดาทารกและการผดุงครรภ์ 2 = Maternal and newborn nursing and midwifery II./^bสุธิดา สิงห์ศิริเจริญกุล.
260    ^aขอนแก่น : ^bวิทยาลัยพยาบาลบรมราชชนนี ขอนแก่น,^c2553
300    ^a213 หน้า ;^bภาพประกอบ.
650  4 ^aการพยาบาลกุมารเวชศาสตร์
650  4 ^aการพยาบาลสูติศาสตร์
650  4 ^aการพยาบาลสูติศาสตร์ ^xเอกสารประกอบการสอน
999    ^aใช้งานได้ทุกระบบ
รายการนี้ยังไม่มีแท็ก
คุณยังไม่ได้ล็อกอิน คุณสามารถมีกิจกรรมร่วมกับเว็บไซต์ได้ แต่ต้องล็อกอินก่อน ::
  ล็อกอิน
ลำดับที่ ประเภท เลขเรียก สถานที่ สถานะ
1. หนังสือทั่วไป
หนังสือทั่วไป
WY157 ส785 2553  
  
ห้องสมุด หอพักนักศึกษา (ห้องเหลือง) On Shelf
  ขอยืม
   [แสดง 1/1 รายการ]

รายการใกล้เคียง
    ผู้แต่ง [สุธิดา สิงห์ศิริเจริญกุล]

    หัวเรื่อง [การพยาบาลกุมารเวชศาสตร์]
    หัวเรื่อง [การพยาบาลสูติศาสตร์]

BibComment


ยังไม่เคยถูกคอมเมนท์

คอมเมนท์ทรัพยากรรายการนี้
  คอมเมนท์: เอกสารประกอบการส..
Bib 209169

 
 
 

 Union Library Management : ULibM
Copyright 2026. All Rights Reserved.
скачать бесплатно без регистрации порно красивый секс HD Sex Hindi sex

xxx gou

xxxx

bfxxx

xxxwww

Секса Видео

xxxx

Секса Видео

detube

geilexxx

C99 Shell

worms shell

blod xxx video
Ebony Coed Rihanna Rimes Takes A Dick In Her Young Twat priyaa indian fuck anal and pusssy hardcore indian women xxx desi hardcore fucking part 1 bengalixxxcouple